|
|
|
|
| LEADER |
00000nam1a2200000 4500 |
| 001 |
281378 |
| 005 |
20231031232750.0 |
| 035 |
|
|
|a (RuTPU)RU\TPU\book\305096
|
| 090 |
|
|
|a 281378
|
| 100 |
|
|
|a 20150122d1987 k y0rusy50 ca
|
| 101 |
0 |
|
|a rus
|
| 102 |
|
|
|a RU
|
| 200 |
1 |
|
|a Сборник нормативно-технических и руководящих документов для работников госприемки
|f СССР, Государственный комитет по стандартам (Госстандарт) ; сост. Е. А. Авсиевич, М. Е. Голант
|
| 205 |
|
|
|a Издание официальное
|
| 210 |
|
|
|a Москва
|c Издательство стандартов
|d 1987
|
| 702 |
|
1 |
|a Авсиевич
|b Е. А.
|4 220
|
| 702 |
|
1 |
|a Голант
|b М. Е.
|4 220
|
| 712 |
0 |
1 |
|a СССР
|b Государственный комитет по стандартам (Госстандарт)
|c (1978-1989)
|2 stltpush
|3 (RuTPU)RU\TPU\col\12454
|
| 801 |
|
1 |
|a RU
|b 63413507
|c 20150122
|
| 942 |
|
|
|c BK
|